Cuadernos ALFA : ejercicios de aritmética y geometria para las escuelas primarias de acuerdo con los programas oficiales.
-д хадгалсан:
| Үндсэн зохиолч: | |
|---|---|
| Бусад зохиолчид: | , |
| Формат: | Ном |
| Хэл сонгох: | испани |
| Хэвлэл: | 13a edición |
| Нөхцлүүд: | |
| Шошгууд: |
Шошго байхгүй, Энэхүү баримтыг шошголох эхний хүн болох!
|
MARC
| LEADER | 00000nam^a2200000^u^4500 | ||
|---|---|---|---|
| 001 | 000499316 | ||
| 005 | 20250521000000.0 | ||
| 008 | 071011s1000^^^^^^^^^^^^r^^^^^000^0^spa^d | ||
| 009 | 20260310125716.343 | ||
| 022 | |a 9684120184 | ||
| 035 | |a FCE 000043364 | ||
| 037 | |a Acervo ITESO - Biblioteca | ||
| 041 | |a spa | ||
| 082 | 0 | 4 | |a 513.13272 |b CABc |
| 100 | |a Caballero Caballero, Arquímides |e (autor) | ||
| 245 | 1 | 0 | |a Cuadernos ALFA : |b ejercicios de aritmética y geometria para las escuelas primarias de acuerdo con los programas oficiales. |
| 250 | |a 13a edición | ||
| 264 | |a México : |b Esfinge, |c 1981. | ||
| 300 | |a 160 p. : |b il. | ||
| 336 | |a texto |b txt |2 rdacontenido | ||
| 337 | |a sin mediación |b n |2 rdamedio | ||
| 338 | |a volumen |b nc |2 rdasoporte | ||
| 649 | |a XX | ||
| 650 | |a Enseñanza | ||
| 650 | |a Estudio | ||
| 650 | |a Geometría | ||
| 650 | |a Aritmética | ||
| 650 | |a Educación primaria | ||
| 700 | |a Martínez Medina, Lorenzo |e (autor) | ||
| 700 | |a Bernárdez, Jesús |e (autor) | ||
| 910 | |a Fondo Centro de Estudios Educativos | ||
| 920 | |a Impresos - Libros | ||
| 930 | |a Fondos Especiales | ||
| 905 | |a 133 | ||
| 901 | |a ALE050703 |b IT2 |c CEE |u 20250521 | ||
| 902 | |a https://opac.biblio.iteso.mx/vufind/Record/000499316 | ||